| 000 | 00729nam a2200169 a 4500 | ||
|---|---|---|---|
| 008 | 140828c20059999||||||||||||||||| || u | ||
| 022 | _a1880-6171 | ||
| 050 | _aCD/S 539.J3 Lif | ||
| 110 | _aKyoto University. Faculty of Agriculture | ||
| 245 | 1 | 0 |
_aLife, food and environment, 2005 [electronic resource] _cFaculty of Agriculture, Kyoto University _h[cd-rom] |
| 260 |
_aKyoto _bKyoto University _c2005 |
||
| 300 | _aCD-ROM | ||
| 500 | _aAnnual report of the Graduate School/Faculty of Agriculture, Kyoto University. | ||
| 650 | _aAGRICUTURE--ZAMBIA | ||
| 650 | _aAGRICULTURE--RESEARCH--JAPAN | ||
| 995 |
_FCBU-MAIN LIBRARY (Kitwe) _M1 _UAVAILABLE _WAug 28, 2014 _Ze-Media Collection |
||
| 999 |
_c49242 _d49242 |
||